[Event "Wattens op"]
[Site "Wattens"]
[Date "1994.??.??"]
[Round "6"]
[White "Eybl, Alexander"]
[Black "Schneider Zinner, Harald"]
[Result "0-1"]
[WhiteElo "2040"]
[BlackElo "2085"]

1.d4 Nf6 2.c4 e6 3.Nc3 Bb4 4.Qc2 O-O 5.a3 Bxc3+ 6.Qxc3 b6 7.Bg5 c5 8.dxc5 bxc5
9.e3 Nc6 10.Nf3 h6 11.Bxf6 Qxf6 12.Qxf6 gxf6 13.O-O-O Rd8 14.Rd6 Kf8 15.Be2 Ke7
16.Rd3 Rb8 17.Rhd1 Na5 18.Rc3 Bb7 19.g3 Bc6 20.Nd2 Rb6 21.b3 Rdb8 22.Kc2 f5
23.Rb1 Be4+ 24.Bd3 Bxd3+ 25.Rxd3 Nc6 26.Nf3 a5 27.Rdd1 R8b7 28.Re1 Kf6 29.Rf1 Ne7
30.Ng1 Nc6 31.Nf3 h5 32.Rfd1 Ne7 33.Ng1 Nc6 34.Nf3 Ne5 35.Nxe5 Kxe5 36.f3 h4
37.Kc3 d6 38.gxh4 Rb8 39.Rd2 Rh8 40.Rbd1 Rxh4 41.Rxd6 Rxd6 42.f4+ Ke4 43.Rxd6 Kxe3
44.Rc6 Kxf4 45.Rxc5 Ke4 46.Rc7 Rh3+ 47.Kc2 Rxh2+ 48.Kc3 Rh3+ 49.Kc2 f4 50.Rxf7 Rh2+
51.Kd1 Rb2 52.c5 Rxb3 53.c6 Rxa3 54.Kc2 Rh3 55.c7 Rh8 56.Kd2 e5 57.Rd7 Rc8  0-1

[Event "Zalakaros op"]
[Site "Zalakaros"]
[Date "1994.??.??"]
[Round "6"]
[White "Sergienko, Sergey"]
[Black "Kustar, Sandor"]
[Result "1/2-1/2"]
[WhiteElo "2410"]
[BlackElo "2360"]

1.d4 Nf6 2.c4 e6 3.Nc3 Bb4 4.Qc2 O-O 5.a3 Bxc3+ 6.Qxc3 b6 7.Bg5 Bb7 8.e3 d6
9.f3 h6 10.Bh4 Nbd7 11.Bd3 c5 12.dxc5 bxc5 13.Ne2 Ne5 14.O-O Nd5 15.Bxd8 Nxc3
16.Be7 Nxd3 17.Nxc3 Rfe8 18.Bxd6 Nxb2 19.Bxc5 Nxc4  1/2-1/2

[Event "Aalborg op"]
[Site "Aalborg"]
[Date "1995.??.??"]
[Round "7"]
[White "Kjeldsen, Jens"]
[Black "Gagarin, Vasilij"]
[Result "1-0"]
[WhiteElo "2425"]
[BlackElo "2420"]

1.d4 Nf6 2.c4 e6 3.Nc3 Bb4 4.Qc2 O-O 5.a3 Bxc3+ 6.Qxc3 b6 7.Bg5 Bb7 8.Nh3 h6
9.Bh4 g5 10.Bg3 Ne4 11.Qc2 f5 12.f3 Nxg3 13.hxg3 Qf6 14.O-O-O d5 15.cxd5 exd5
16.e3 c5 17.dxc5 bxc5 18.g4 fxg4 19.Nf2 Bc8 20.Rxd5 Nc6 21.Bc4 Kg7 22.Ne4 Qe7
23.Qc3+  1-0

[Event "Aalborg"]
[Site "Aalborg"]
[Date "1995.??.??"]
[Round "8"]
[White "Jakobsen, Lars Veno"]
[Black "Maksimenko, Andrei"]
[Result "0-1"]
[WhiteElo "2310"]
[BlackElo "2550"]

1.d4 Nf6 2.c4 e6 3.Nc3 Bb4 4.Qc2 O-O 5.a3 Bxc3+ 6.Qxc3 b6 7.Bg5 c5 8.dxc5 bxc5
9.e3 a5 10.Bd3 Bb7 11.Ne2 d6 12.O-O Nbd7 13.Rfd1 Ra6 14.f3 Qa8 15.e4 Rb6
16.Rd2 Rb8 17.Rad1 Ne8 18.Bc2 f6 19.Bf4 Qa6 20.Ba4 Bc6 21.Bxc6 Rxc6 22.Rc2 a4
23.Qd2 Nb6 24.Qd3 Nc7 25.Bc1 e5 26.Nc3 Ne6 27.Nd5 Qb7 28.Rf2 Nd4 29.Be3 Nxd5
30.exd5 Rb6 31.Bxd4 cxd4 32.Rdd2 Qc8 33.f4 Rb3 34.Qe2 Re3 35.Qf1 Qc5 36.Rf3 e4
37.Rff2 d3 38.Qc1 Rc8  0-1

[Event "Andorra op"]
[Site "Andorra"]
[Date "1995.??.??"]
[Round "4"]
[White "Forintos, Gyozo V"]
[Black "Vehi Bach, Victor Manuel"]
[Result "0-1"]
[WhiteElo "2485"]
[BlackElo "2430"]

1.d4 Nf6 2.c4 e6 3.Nc3 Bb4 4.Qc2 O-O 5.a3 Bxc3+ 6.Qxc3 d6 7.Bg5 Nbd7 8.e3 b6
9.f3 h6 10.Bh4 c5 11.Bd3 Ba6 12.Ne2 Rc8 13.Rc1 cxd4 14.exd4 d5 15.b3 dxc4
16.bxc4 Bxc4 17.Bxc4 b5 18.Qb4 bxc4 19.Rxc4 Rxc4 20.Qxc4 Qa5+ 21.Kf2 Qxa3
22.Bxf6 Nxf6 23.Rb1 Nd5 24.Rb3 Qd6 25.g3 Rb8 26.Rxb8+ Qxb8 27.Qa4 g6 28.h4 h5
29.Qa3 Qb6 30.g4 Qc7 31.gxh5 Qh2+ 32.Kf1 Qh1+ 33.Kf2 Qxh4+ 34.Kf1 Qxh5 35.Ng1 Qh2
36.Ne2 Qc7 37.Kf2 a5 38.Ke1 Qb6 39.Kd1 Qb5 40.Kd2 a4 41.Nc1 Nb6 42.Qc3 a3
43.Kc2 Qa4+ 44.Kb1 Nd5 45.Qd2 Qc4 46.Qd3 a2+  0-1

[Event "Ano Liosia op"]
[Site "Ano Liosia"]
[Date "1995.??.??"]
[Round "5"]
[White "Boensch, Uwe"]
[Black "Mastrovasilis, Athanasios"]
[Result "1-0"]
[WhiteElo "2550"]
[BlackElo "2210"]

1.d4 Nf6 2.c4 e6 3.Nc3 Bb4 4.Qc2 O-O 5.Nf3 b6 6.e4 d5 7.e5 Ne4 8.Bd3 Bb7
9.O-O Bxc3 10.bxc3 c5 11.cxd5 exd5 12.dxc5 bxc5 13.Rb1 Ba6 14.c4 f5 15.exf6 Nxf6
16.Ng5 Bxc4 17.Bxc4 dxc4 18.Rd1 Qe7 19.Bf4 h6 20.Qxc4+ Kh8 21.Bd6  1-0

[Event "AUT-chT2O 9495"]
[Site "?"]
[Date "1995.??.??"]
[Round "?"]
[White "Thallinger, Harald"]
[Black "Knoflicek, Ctibor"]
[Result "1-0"]
[WhiteElo "2205"]
[BlackElo "2200"]

1.d4 Nf6 2.c4 e6 3.Nc3 Bb4 4.Qc2 O-O 5.a3 Bxc3+ 6.Qxc3 b6 7.Bg5 Bb7 8.e3 c5
9.dxc5 bxc5 10.Nf3 Nc6 11.Nd2 d6 12.Bxf6 gxf6 13.O-O-O Ne5 14.Be2 Qe7 15.f4 Ng6
16.h4 Rfd8 17.e4 Kh8 18.Qe3 Rg8 19.h5 Nf8 20.Rhg1 Nd7 21.g4 e5 22.Rgf1 Rab8
23.Nb1 Bc6 24.Nc3 Rb3 25.Qd2 exf4 26.Qxf4 Qe5 27.Qxe5 dxe5 28.Rd6 Rb6 29.Rfd1 Rd8
30.g5 fxg5 31.Bg4 Kg7 32.Bxd7 Bxd7 33.Rxd7 Rxd7 34.Rxd7 Rh6 35.Ne2 Rxh5 36.Ng3 Rh2
37.Nf5+ Kg6 38.Rd6+  1-0

[Event "AUT-chT2S 9495"]
[Site "?"]
[Date "1995.??.??"]
[Round "3"]
[White "Brglez, Rado"]
[Black "Horvath, Sandor"]
[Result "1/2-1/2"]
[WhiteElo "2285"]
[BlackElo "2320"]

1.d4 Nf6 2.c4 e6 3.Nc3 Bb4 4.Qc2 O-O 5.Nf3 b6 6.e4 c5 7.e5 cxd4 8.Nxd4 Ne8
9.Bd3 f5 10.exf6 Nxf6 11.O-O Bb7 12.Bg5 h6 13.Bh4 Nc6 14.Nxc6 Bxc6 15.Rad1 Rc8
16.Ne4 Be7 17.Bg3 Nxe4 18.Bxe4 b5 19.b3 Qb6 20.Qe2 bxc4 21.bxc4 Qc5 22.Bc2 Rf7
23.Qd3 Qf5 24.Qe2 Qc5 25.Qd3  1/2-1/2

[Event "AUT-chT2S 9495"]
[Site "?"]
[Date "1995.??.??"]
[Round "8"]
[White "Tabernig, Bernhard"]
[Black "Titz, Heimo"]
[Result "1/2-1/2"]
[WhiteElo "2285"]
[BlackElo "2330"]

1.d4 Nf6 2.c4 e6 3.Nc3 Bb4 4.Qc2 O-O 5.a3 Bxc3+ 6.Qxc3 b6 7.Bg5 Bb7 8.f3 h6
9.Bh4 d5 10.cxd5 exd5 11.Nh3 Re8 12.Nf2 Nbd7 13.Ng4 Ne4 14.Bxd8 Nxc3 15.Bxc7 Nb5
16.Be5 Nxe5 17.dxe5 h5 18.Nf2 Rxe5 19.f4 Re3 20.Nd1 Re7 21.e3 Nd4 22.Rc1 Nf5
23.Kf2 d4 24.exd4 Nxd4 25.Nc3 Rd8 26.Bc4 Nf5 27.Rhd1 Rxd1 28.Rxd1 Ne3 29.Rd8+ Kh7
30.Bd5 h4 31.Bxb7 Ng4+ 32.Kf1 Rxb7 33.h3 Ne3+ 34.Kf2 Nf5 35.Nd5 f6 36.b4 Kg6
37.Kf3 Kf7 38.Ne3 Nxe3 39.Kxe3 Rc7 40.Kd3 Ke6 41.Rh8 Rc1 42.Ra8 Rg1 43.Rxa7 Rxg2
44.a4 Rg3+ 45.Kc4 Rxh3 46.Rxg7 Rg3 47.Rb7 h3 48.Kb5 Rg4 49.Rh7 Rxf4 50.Rxh3 Rd4
51.Rc3 f5 52.a5 bxa5 53.bxa5 f4 54.a6 Rd8 55.Rc5 Kd6 56.Rf5 Kc7 57.Rf7+ Kb8
58.Rxf4 Ka8  1/2-1/2

[Event "AUT-chT2S 9495"]
[Site "?"]
[Date "1995.??.??"]
[Round "10"]
[White "Detter, Peter"]
[Black "Titz, Heimo"]
[Result "1/2-1/2"]
[WhiteElo "2225"]
[BlackElo "2330"]

1.d4 Nf6 2.c4 e6 3.Nc3 Bb4 4.Qc2 O-O 5.a3 Bxc3+ 6.Qxc3 b6 7.Bg5 Bb7 8.f3 h6
9.Bh4 d5 10.e3 Re8 11.Bd3 dxc4 12.Bxc4 Nbd7 13.Ne2 Rc8 14.O-O c5 15.Qb3 cxd4
16.exd4 Qc7 17.Rac1 Qb8 18.Bg3 Qa8 19.Nc3 a6 20.Bd3 Bc6 21.Bb1 Qb7 22.Qd1 b5
23.b4 Qb6 24.Bf2 Qb7 25.Qd3 Bd5 26.Rfe1 Red8 27.Ne4 Rxc1 28.Rxc1 Rc8 29.Rxc8+ Qxc8
30.Nc5 Qc6 31.Bh4 Nxc5 32.dxc5 Bc4 33.Qd8+ Ne8 34.Bg3 f5 35.Be5 Kf7 36.Kf2 Qd5
37.Qxd5 Bxd5 38.Ke3 Nf6 39.Bxf6 Kxf6 40.Bc2 e5 41.g3 g5 42.f4 Ke6 43.a4 Kf6
44.axb5 axb5 45.Bd1 Ke6 46.Bc2 Bc4 47.Bb1 Bd5 48.Bd3 Bc6 49.Bc2  1/2-1/2

[Event "AUT-chT2S 9596"]
[Site "AUT"]
[Date "1995.??.??"]
[Round "?"]
[White "Tabernig, Bernhard"]
[Black "Gigerl, Erich"]
[Result "1-0"]
[WhiteElo "2275"]
[BlackElo "2300"]

1.d4 Nf6 2.c4 e6 3.Nc3 Bb4 4.Qc2 O-O 5.a3 Bxc3+ 6.Qxc3 b6 7.Bg5 Bb7 8.e3 d6
9.f3 c5 10.dxc5 bxc5 11.O-O-O Qe7 12.Nh3 Rd8 13.Nf2 h6 14.Bh4 g5 15.Bg3 e5
16.f4 Nbd7 17.fxg5 hxg5 18.Be2 Bxg2 19.Rhg1 Ne4 20.Qc2 Nxg3 21.Rxg2 Nxe2+
22.Qxe2 f6 23.h4 Nf8 24.Ne4 Ne6 25.Qh5 Rf8 26.hxg5 fxg5 27.Qg6+ Ng7 28.Nxg5  1-0

[Event "AUT-chT2S 9596"]
[Site "AUT"]
[Date "1995.??.??"]
[Round "?"]
[White "Beck, Hartmuth"]
[Black "Reichmann, Egon"]
[Result "1/2-1/2"]
[WhiteElo "2300"]
[BlackElo "2265"]

1.d4 Nf6 2.c4 e6 3.Nc3 Bb4 4.Qc2 O-O 5.a3 Bxc3+ 6.Qxc3 b6 7.Bg5 Bb7 8.e3 h6
9.Bh4 d6 10.f3 Nbd7 11.Bd3 c5 12.b4 Rc8 13.dxc5 bxc5 14.b5 d5 15.Ne2 Ne4
16.Bxd8 Nxc3 17.Bh4 Na4 18.cxd5 Bxd5 19.Bc2 Ndb6 20.Rc1 f6 21.e4 Ba2 22.Bxa4 Nxa4
23.Nc3 Nxc3 24.Rxc3 c4 25.Ke2 Bb3 26.Ra1 Rb8 27.a4 a6 28.bxa6 Ra8 29.Bf2 Rxa6
30.a5 Rd8 31.Bb6 Rd7 32.Ke3 e5 33.g3 Kf7 34.f4 Ke6 35.Rf1 Ra8 36.h3 exf4+
37.gxf4 f5 38.Rg1 fxe4 39.Kxe4 Kf7 40.f5 Re8+ 41.Kf4 Rd3 42.Rg3 Rd6 43.Rge3 g5+
44.fxg6+ Rxg6 45.Rxe8 Kxe8 46.Kf5 Rc6 47.Ke5 Kd7 48.Bd4 Rg6 49.Kd5 Kc7 50.Kc5 Rg5+
51.Kb4 Kc6 52.Bb6 Rb5+ 53.Ka3 Rd5  1/2-1/2

[Event "Azov"]
[Site "Azov"]
[Date "1995.??.??"]
[Round "5"]
[White "Zakharstov, Viacheslav V"]
[Black "Pushkov, Nikolai"]
[Result "1-0"]
[WhiteElo "2440"]
[BlackElo "2505"]

1.d4 Nf6 2.c4 e6 3.Nc3 Bb4 4.Qc2 O-O 5.a3 Bxc3+ 6.Qxc3 b6 7.Bg5 c5 8.dxc5 bxc5
9.e3 Nc6 10.Bd3 h6 11.Bh4 d6 12.Ne2 Ba6 13.f4 d5 14.Rd1 d4 15.exd4 cxd4 16.Qd2 Na5
17.Bxf6 gxf6 18.Qc2 e5 19.b4 Nxc4 20.Bxc4 Rc8 21.Qg6+  1-0

[Event "Bad Endbach"]
[Site "Bad Endbach"]
[Date "1995.??.??"]
[Round "?"]
[White "Chabanon, Jean Luc"]
[Black "Levin, Felix"]
[Result "1-0"]
[WhiteElo "2445"]
[BlackElo "2490"]

1.c4 e6 2.d4 Nf6 3.Nc3 Bb4 4.Qc2 O-O 5.a3 Bxc3+ 6.Qxc3 b6 7.Bg5 Bb7 8.e3 h6
9.Bh4 d6 10.f3 Nbd7 11.Bd3 c5 12.Ne2 Rc8 13.O-O d5 14.cxd5 Nxd5 15.Qe1 Qe8
16.Qd2 Ne7 17.Rad1 cxd4 18.Nxd4 a6 19.Bg3 Qd8 20.Bb1 Nf6 21.e4 Nh5 22.Bh4 Qe8
23.Qb4 Ng6 24.Bf2 b5 25.Nb3 Rc4 26.Qd6 Rc6 27.Qd2 Qb8 28.Na5 Rcc8 29.Qd6 Qa8
30.Qb6 Bc6 31.b3 Nf6 32.Rd6 Nd7 33.Qa7 Nde5 34.Qxa8 Bxa8 35.Rxa6 Rfd8 36.Be3 Nh4
37.Kf2 Nd3+ 38.Kg3 g5 39.Rd1 Nb2 40.Rxd8+ Rxd8 41.f4 f6 42.fxg5 fxg5 43.Bb6 Rd1
44.Rxa8+ Kf7 45.Nc6 Rxb1 46.Ne5+ Kg7 47.Ra7+ Kg8 48.Kg4 Re1 49.Kh5  1-0

[Event "Hofmann Cup"]
[Site "Baden-Baden"]
[Date "1995.??.??"]
[Round "7"]
[White "Gavrikov, Viktor"]
[Black "Karpov, Anatoly"]
[Result "0-1"]
[WhiteElo "2605"]
[BlackElo "2775"]

1.d4 Nf6 2.c4 e6 3.Nc3 Bb4 4.Qc2 O-O 5.a3 Bxc3+ 6.Qxc3 b6 7.Bg5 Bb7 8.f3 c5
9.e3 d6 10.dxc5 dxc5 11.Bd3 Nbd7 12.O-O-O Qc7 13.Ne2 Rfd8 14.Bc2 Bc6 15.Bf4 Qb7
16.e4 a6 17.e5 Ne8 18.Qd3 g6 19.Qe3 b5 20.Nc3 bxc4 21.Ne4 Rab8 22.Qc3 Bxe4
23.Bxe4 Qb5 24.Bg5 Rdc8 25.h4 Nb6 26.h5 Na4 27.Qc2 Nxb2 28.hxg6 hxg6 29.Rd2 Nd3+
30.Bxd3 cxd3 31.Rxd3 c4 32.Re3 c3 33.Re4 Qc5 34.Rb4 Qxe5 35.Bf4 Qa5 36.Bxb8 Qxa3+
37.Kd1 Rxb8 38.Ra4 Qc5 39.Ra2 Qe3  0-1

[Event "Oberliga Bayern9495"]
[Site "Bayern"]
[Date "1995.??.??"]
[Round "1"]
[White "De Francesco, Klaus"]
[Black "Mandl, Robert"]
[Result "1/2-1/2"]
[WhiteElo "2235"]
[BlackElo "2430"]

1.d4 Nf6 2.c4 e6 3.Nc3 Bb4 4.Qc2 O-O 5.Bg5 c5 6.dxc5 Na6 7.a3 Bxc3+ 8.Qxc3 Nxc5
9.Bxf6 Qxf6 10.Qxf6 gxf6 11.e3 a5 12.Nf3 b6 13.Be2 a4 14.Nd4 Ba6 15.f3 Rfc8
16.O-O Ra7 17.Rac1 Rac7 18.Rc3 f5 19.Rfc1 Kg7 20.Bd1 Kf6 21.Nb5 Bxb5 22.cxb5 Ra7
23.Rc4 d5 24.Rh4 Rh8 25.Rc2 Kg5 26.g3 h6 27.Rd2 Rc8 28.Rb4 Ra5 29.Kf1 Kf6
30.Ke2 Rd8  1/2-1/2

[Event "Berga op"]
[Site "Berga"]
[Date "1995.??.??"]
[Round "8"]
[White "Kalesis, Nikolaos"]
[Black "Pogorelov, Ruslan"]
[Result "0-1"]
[WhiteElo "2420"]
[BlackElo "2445"]

1.d4 Nf6 2.c4 e6 3.Nc3 Bb4 4.Qc2 O-O 5.a3 Bxc3+ 6.Qxc3 d6 7.g3 Qe7 8.Bg2 e5
9.dxe5 dxe5 10.Nf3 e4 11.Nd4 c5 12.Nc2 h6 13.b3 Nc6 14.Bb2 Rd8 15.Qe3 Bf5
16.O-O Ng4 17.Qf4 Qg5 18.Rfd1 Qxf4 19.gxf4 Na5 20.h3 e3 21.Nxe3 Nxe3 22.fxe3 Nxb3
23.Rxd8+ Rxd8 24.Re1 Nd2 25.Rc1 Be4 26.Rc3 Bxg2 27.Kxg2 Rd6 28.f5 Rb6 29.Rc2 Ne4
30.Kf3 Ng5+ 31.Kg4 f6 32.h4 Ne4 33.Kf4 Nd6 34.e4 Nxc4 35.Bc1 Ne5 36.Rxc5 Rb3
37.Rc7 a5 38.a4 b5 39.Rc8+ Kf7 40.axb5 Rxb5 41.Ba3 g5+ 42.fxg6+ Nxg6+ 43.Ke3 Rb3+
44.Kd4 Rxa3 45.h5 Ra4+ 46.Ke3 Ne5 47.Kf4 Rc4 48.Ra8 Rc5 49.Kf5 Kg7  0-1

[Event "SWE-chB"]
[Site "Borlange"]
[Date "1995.??.??"]
[Round "?"]
[White "Nordstrom, Felix"]
[Black "Backe, Peter"]
[Result "1/2-1/2"]
[WhiteElo "2205"]
[BlackElo "2285"]

1.d4 Nf6 2.c4 e6 3.Nc3 Bb4 4.Qc2 O-O 5.Bg5 c5 6.e3 h6 7.Bh4 cxd4 8.exd4 Nc6
9.Nf3 Be7 10.a3 d5 11.Rd1 b6 12.Bd3 dxc4 13.Bxc4 Bb7 14.O-O Nd5 15.Bxd5 exd5
16.Bxe7 Nxe7 17.Rfe1 Bc8 18.Re3 Be6 19.Qd2 a6 20.Ne5 Nf5 21.Ree1 Re8 22.h3 Qg5
23.Qxg5 hxg5 24.Nf3 f6 25.Na4 Rab8 26.Rc1 Bd7 27.Nc3 Bc6 28.Rxe8+ Rxe8 29.g4 Nd6
30.Nd1 Rc8 31.Ne3 Bb7 32.Rxc8+ Bxc8 33.h4 Nc4 34.Nxc4 dxc4 35.hxg5 Bxg4 36.Nd2 b5
37.gxf6 gxf6 38.f3 Bf5 39.Kf2 Kf7 40.d5 Ke7 41.Ke3 Bd3 42.Kd4 Be2 43.f4 f5
44.Kc5 Kd7 45.a4 Kc7 46.axb5 axb5 47.Nb1 b4 48.Kxb4 Kd6 49.Nc3 Bd3 50.Kb5  1/2-1/2

[Event "SWE-chB"]
[Site "Borlange"]
[Date "1995.??.??"]
[Round "?"]
[White "Nordstrom, Felix"]
[Black "Lindberg, Bengt"]
[Result "1-0"]
[WhiteElo "2205"]
[BlackElo "2335"]

1.d4 Nf6 2.c4 e6 3.Nc3 Bb4 4.Qc2 O-O 5.Bg5 h6 6.Bh4 c5 7.e3 d5 8.dxc5 Nc6
9.Nf3 g5 10.Bg3 Qa5 11.Bd3 dxc4 12.Bxc4 Qxc5 13.Bd3 Nd5 14.Rc1 Nxc3 15.bxc3 Ba3
16.Rb1 b6 17.h4 g4 18.Nd4 Nxd4 19.exd4 Qe7 20.Qe2 f5 21.Bf4 Kh7 22.Qxg4 Rg8
23.Qh5 Rg6 24.g4 Bd6 25.Be3 Bd7 26.gxf5 exf5 27.Bxf5 Bxf5 28.Qxf5 Rf8 29.Qd3 Kg7
30.Kd2 Qf7 31.c4 Bf4 32.Kc3 Bxe3 33.fxe3 Qe7 34.c5 Rf3 35.Rbe1 bxc5 36.Rhg1 Rxg1
37.Rxg1+ Kh8 38.Kd2 c4 39.Qc3 Rf2+ 40.Kc1 Rxa2 41.d5+ Kh7 42.d6 Qf7 43.Rd1 Qf3
44.d7 Ra1+ 45.Qxa1 Qxe3+ 46.Rd2 Qe1+ 47.Kc2 Qe4+ 48.Kd1 Qh1+ 49.Ke2 Qe4+
50.Kf1 Qh1+ 51.Ke2 Qe4+ 52.Kf1 Qh1+ 53.Kf2 Qxh4+ 54.Kg1 Qg3+ 55.Rg2 Qe3+
56.Kh1 Qh3+ 57.Kg1 Qe3+ 58.Rf2 Qg3+ 59.Rg2 Qe3+ 60.Rf2 Qg3+ 61.Kf1 Qh3+ 62.Ke1 Qh1+
63.Ke2 Qe4+ 64.Kd2 Qd3+ 65.Ke1 Qe4+ 66.Re2 Qh1+ 67.Kd2 Qd5+ 68.Kc3 Qf3+ 69.Kb4 Qb3+
70.Kc5 Qb6+ 71.Kxc4 Qc6+ 72.Kd3 Qb5+ 73.Kd2 Qg5+ 74.Kd3 Qb5+ 75.Kd2 Qg5+
76.Re3 Qg2+ 77.Kd3 Qg6+ 78.Re4 Qg3+ 79.Re3 Qg6+ 80.Kd2 Qg2+ 81.Kd1 Qf1+ 82.Re1 Qf3+
83.Kd2 Qf4+ 84.Kd3 Qg3+ 85.Ke4 Qg4+ 86.Ke5 Qxd7 87.Qb1+ Kh8 88.Qb8+ Kh7 89.Qd6 Qg7+
90.Ke6 Qg4+ 91.Kf7 Qh5+ 92.Kf8 Qf5+ 93.Ke8 Qc8+ 94.Qd8  1-0

[Event "Slovan op"]
[Site "Bratislava"]
[Date "1995.??.??"]
[Round "?"]
[White "Shemeakin, Alexander"]
[Black "Cimra, Jozef"]
[Result "0-1"]
[WhiteElo "2240"]
[BlackElo "2205"]

1.d4 Nf6 2.c4 e6 3.Nc3 Bb4 4.Qc2 O-O 5.a3 Bxc3+ 6.Qxc3 b6 7.Bg5 Bb7 8.e3 h6
9.Bh4 d6 10.f3 Nbd7 11.Nh3 e5 12.dxe5 Nxe5 13.Be2 Qe7 14.O-O-O Rfe8 15.Qc2 Neg4
16.fxg4 Qxe3+ 17.Rd2 Bxg2 18.Bf2 Qxh3 19.Rd3 Qxd3 20.Bxd3 Bxh1 21.Bd4 Re1+
22.Kd2 Rae8 23.Bf2 R1e7 24.Qd1 Be4 25.Bf1 Bc6 26.Bd3 Ne4+ 27.Bxe4 Rxe4 28.Kc3 Re2
29.Qg1 a5 30.h4 R8e4 31.Qg3 g5 32.hxg5 hxg5 33.Kd3 Rxb2 34.Bd4 Rb3+ 35.Bc3 Rf4
36.Kc2 a4 37.Qh2 f6 38.Qh5 Rf2+ 39.Kd3 Rf3+ 40.Kd2 Rbxc3 41.Qg6+ Kf8 42.Qh6+ Ke7
43.Qh8 Be8 44.Qh7+ Kd8  0-1

[Event "Bucharest"]
[Site "Bucharest"]
[Date "1995.??.??"]
[Round "10"]
[White "Grigore, George"]
[Black "Doroshenko, Maxim"]
[Result "1-0"]
[WhiteElo "2445"]
[BlackElo "2330"]

1.d4 Nf6 2.c4 e6 3.Nc3 Bb4 4.Qc2 O-O 5.a3 Bxc3+ 6.Qxc3 b6 7.Nf3 Ne4 8.Qc2 Bb7
9.e3 f5 10.Be2 d6 11.O-O Nd7 12.b4 Qe7 13.Ne1 c5 14.f3 Nef6 15.Bd3 g6 16.Rb1 Bc6
17.Bd2 Rab8 18.Bc3 Nh5 19.Rf2 f4 20.e4 cxd4 21.Bxd4 e5 22.Bc3 g5 23.Rd2 Rf6
24.Rbd1 Kh8 25.Be2 Rg8 26.Nd3 g4 27.c5 gxf3 28.Bxf3 Ng7 29.cxd6 Rxd6 30.Qb2 Ba4
31.Nxe5 Bxd1 32.Rxd6 Nxe5 33.Bxe5 Bxf3 34.gxf3 Qg5+ 35.Kh1 Qh4 36.Rd7 Qe1+
37.Kg2 h5 38.Rxg7 Rxg7+ 39.Bxg7+ Kg8 40.Bh6  1-0

[Event "Spring op"]
[Site "Budapest"]
[Date "1995.??.??"]
[Round "?"]
[White "Dao Thien Hai"]
[Black "Arnold, Ferenc"]
[Result "1/2-1/2"]
[WhiteElo "2480"]
[BlackElo "2325"]

1.d4 Nf6 2.c4 e6 3.Nc3 Bb4 4.Qc2 O-O 5.a3 Bxc3+ 6.Qxc3 b6 7.Bg5 h6 8.Bh4 Bb7
9.e3 d5 10.cxd5 Bxd5 11.Bxf6 Qxf6 12.Ne2 Rc8 13.Ng3 c5 14.Rc1 Nd7 15.Ba6 Rc6
16.O-O cxd4 17.Qxd4 Qxd4 18.exd4 Rd8 19.Bb5 Rxc1 20.Rxc1 Nb8 21.Rc7 a6 22.Bd3 g6
23.f3 Kg7 24.Ne2 b5 25.Nf4 Kf6 26.Kf2 Rd6 27.Nxd5+ Rxd5 28.Ke3 Rd6 29.Be4 Nd7
30.Bc6 Nb6 31.Ke4 Rd8 32.Bb7 a5 33.Rc5 Rb8 34.Bc6 Nc4 35.d5 e5 36.f4 Nd6+
37.Kf3 a4 38.Rc2 exf4 39.Kxf4 b4  1/2-1/2

[Event "Schneider mem op"]
[Site "Budapest"]
[Date "1995.??.??"]
[Round "1"]
[White "Varga, Peter"]
[Black "Papp, Zsolt"]
[Result "1-0"]
[WhiteElo "2440"]
[BlackElo "2110"]

1.d4 Nf6 2.c4 e6 3.Nc3 Bb4 4.Qc2 O-O 5.a3 Bxc3+ 6.Qxc3 b6 7.Nf3 Bb7 8.Bg5 h6
9.Bh4 d6 10.e3 Nbd7 11.Bd3 c5 12.O-O Rc8 13.b4 Bxf3 14.gxf3 d5 15.dxc5 dxc4
16.Bxc4 Ne4 17.Bxd8 Nxc3 18.Be7 Rfe8 19.Ba6 Ra8 20.Bd6 Nf6 21.Rac1 Ncd5 22.e4 Ne7  1-0

[Event "Budapest FS05 IM"]
[Site "Budapest"]
[Date "1995.??.??"]
[Round "2"]
[White "Hoang Than Trang"]
[Black "Eperjesi, Laszlo"]
[Result "1-0"]
[WhiteElo "2325"]
[BlackElo "2350"]

1.d4 Nf6 2.c4 e6 3.Nc3 Bb4 4.Qc2 O-O 5.a3 Bxc3+ 6.Qxc3 d6 7.Nf3 Nbd7 8.Bg5 h6
9.Bh4 Qe8 10.e3 Ne4 11.Qc2 f5 12.Bd3 Ndf6 13.Bxf6 Nxf6 14.O-O a5 15.b4 Bd7
16.b5 b6 17.Rfe1 Qh5 18.c5 Rac8 19.Qb3 Qf7 20.Bc4 Nd5 21.Rac1 Kh8 22.Rc2 bxc5
23.dxc5 dxc5 24.Bxd5 exd5 25.Rxc5 Qe8 26.Nd4 f4 27.Qxd5 Bxb5 28.Rxb5 c6 29.Nxc6 Rxc6
30.Rbb1 Re6 31.Qxa5 fxe3 32.fxe3 Rxe3 33.Qd2 Rxe1+ 34.Rxe1 Qa8 35.Qe3 Qa4
36.h3 Ra8 37.Qc5 Ra5 38.Qb4 Kh7 39.Qb1+ Kh8 40.Qg6 Ra8 41.Re7 Qd4+ 42.Kh1 Rf8
43.Kh2 Qf4+ 44.Qg3 Qxg3+ 45.Kxg3 Ra8 46.Re3 Ra4 47.Kf2 g5 48.Ke2 Kg7 49.Kd2 Kf6
50.Kc2 h5 51.Kb3 Ra8 52.a4 h4 53.Kb4 Rb8+ 54.Kc4 Rb2 55.g4 hxg3 56.Rxg3 Kf5
57.a5 Rc2+ 58.Kb4 Rb2+ 59.Rb3 Ra2 60.Kb5 Ke6 61.Kb6 Kd5 62.a6 Rf2 63.a7  1-0

[Event "Budapest Mediflora"]
[Site "Budapest"]
[Date "1995.??.??"]
[Round "2"]
[White "Varga, Peter"]
[Black "Palkovi, Jozsef"]
[Result "1/2-1/2"]
[WhiteElo "2440"]
[BlackElo "2420"]

1.d4 Nf6 2.c4 e6 3.Nc3 Bb4 4.Qc2 O-O 5.a3 Bxc3+ 6.Qxc3 b6 7.Nf3 Bb7 8.e3 d6
9.Be2 Nbd7 10.O-O Ne4 11.Qc2 f5 12.b4 Rf6 13.Bb2 Rg6 14.d5 exd5 15.cxd5 Bxd5
16.Bc4 Bxc4 17.Qxc4+ Kh8 18.Qf7 Qe8 19.Qxf5 Qe7 20.Ne5 Nxe5 21.Qxe4 Re8  1/2-1/2

[Event "Budapest FS11 IM-A"]
[Site "Budapest"]
[Date "1995.??.??"]
[Round "2"]
[White "Touzane, Olivier"]
[Black "Murzin, Lenar"]
[Result "1-0"]
[WhiteElo "2250"]
[BlackElo "2265"]

1.d4 Nf6 2.c4 e6 3.Nc3 Bb4 4.Qc2 O-O 5.a3 Bxc3+ 6.Qxc3 b6 7.Bg5 c5 8.dxc5 bxc5
9.e3 d6 10.Bd3 Nbd7 11.Ne2 Rb8 12.Qc2 h6 13.Bh4 Ne5 14.O-O-O Bb7 15.f3 Qe7
16.Nc3 Rfd8 17.Bg3 Bc6 18.Bxe5 dxe5 19.Be2 Qb7 20.Rxd8+ Rxd8 21.Rd1 Rd7 22.Rd2 Kf8
23.Rxd7 Qxd7 24.b4 Qd6 25.b5 Bb7 26.a4 g5 27.g3 Ke7 28.a5 Qc7 29.Qd2 Ne8
30.Na4 Nd6 31.Qc3 Nf5 32.Bd1 f6 33.a6 Ba8 34.Qa3 Kd6 35.g4 Ng7 36.Qd3+ Ke7
37.Qh7 Kf7 38.Bc2 e4 39.b6 axb6 40.Bxe4 Bxe4 41.Qxe4 Ke7 42.Nxb6 Kd6 43.a7 Qxb6
44.a8=Q  1-0

[Event "Budapest Mediflora"]
[Site "Budapest"]
[Date "1995.??.??"]
[Round "4"]
[White "Varga, Peter"]
[Black "Anka, Emil"]
[Result "1/2-1/2"]
[WhiteElo "2440"]
[BlackElo "2410"]

1.d4 Nf6 2.c4 e6 3.Nc3 Bb4 4.Qc2 O-O 5.a3 Bxc3+ 6.Qxc3 Ne4 7.Qc2 f5 8.g3 b6
9.Bg2 Bb7 10.Nf3 Nf6 11.O-O Be4 12.Qc3 Qe8 13.Nd2 Bxg2 14.Kxg2 Ne4 15.Qe3 Qg6
16.Nxe4 fxe4 17.Qg5 Qxg5 18.Bxg5 d6 19.f3 exf3+ 20.Rxf3 Nc6 21.Be3 a5 22.b3 e5
23.d5 Ne7 24.Rd1 a4 25.b4 h6 26.h4 b5 27.cxb5 Rab8 28.Bg1 Rxf3 29.Kxf3 Rxb5
30.e4 Kf7 31.h5 Ke8 32.Be3 Rb8 33.Ke2 Ng8 34.Rc1 Kd7 35.Rf1 Ke7 36.Rc1 Kd7
37.Rf1 Ke7 38.Rc1 Rb7 39.g4 Nf6 40.Kf3 Kd7 41.Rc4 Rb8 42.Kg3 Nh7 43.Kg2 Nf6  1/2-1/2

[Event "Budapest FS04 GM"]
[Site "Budapest"]
[Date "1995.??.??"]
[Round "5"]
[White "Stajcic, Nikola"]
[Black "Lukacs, Peter"]
[Result "1/2-1/2"]
[WhiteElo "2350"]
[BlackElo "2490"]

1.d4 Nf6 2.c4 e6 3.Nc3 Bb4 4.Qc2 O-O 5.a3 Bxc3+ 6.Qxc3 b6 7.Bg5 Bb7 8.Nh3 h6
9.Bh4 d5 10.cxd5 exd5 11.e3 c5 12.Bd3 g5 13.Bg3 cxd4 14.Qxd4 Nc6 15.Qa4 Re8
16.O-O d4 17.exd4 Qxd4 18.Qxd4 Nxd4 19.Rfe1 Be4 20.Red1 Nb3 21.Rab1 Rad8
22.Bxe4 Nxe4 23.Rxd8 Rxd8 24.f3 Nxg3 25.hxg3 Rd2 26.Nf2 Rc2 27.Ng4 Kg7 28.Ne3 Re2
29.Nf5+ Kg6 30.g4 Rd2 31.Ne3 f6 32.Rd1 Rxd1+  1/2-1/2

[Event "Budapest FS11 GM"]
[Site "Budapest"]
[Date "1995.??.??"]
[Round "5"]
[White "Kahn, Evarth"]
[Black "Cao Sang"]
[Result "1-0"]
[WhiteElo "2350"]
[BlackElo "2420"]

1.d4 Nf6 2.c4 e6 3.Nc3 Bb4 4.Qc2 O-O 5.Bg5 b6 6.e4 h6 7.Bh4 d6 8.e5 dxe5
9.dxe5 Qd4 10.exf6 Qxh4 11.fxg7 Rd8 12.g3 Qf6 13.Bg2 Bxc3+ 14.bxc3 c6 15.Nf3 Ba6
16.O-O Bxc4 17.Rfd1 Rxd1+ 18.Rxd1 Bd5 19.Rd4 Nd7 20.Rf4 Qxg7 21.h3 Bxf3 22.Bxf3 Ne5
23.Bxc6 Rc8 24.Bg2 Ng6 25.Rf3 Qe5 26.Re3 Qc5 27.Rxe6 Kg7 28.Re3 b5 29.Qe2 Rc7
30.h4 b4 31.cxb4 Qxb4 32.h5 Rc1+ 33.Kh2 Nf8 34.Re4 Qc5 35.Rg4+ Kf6 36.Rf4+ Kg7
37.Rg4+ Kf6 38.Rf4+ Kg7 39.Qf3 Qe7 40.Rg4+ Kh8 41.Qf4 f5 42.Qxh6+ Nh7 43.Rg6 Rc4
44.Bd5 Rg4 45.Bg8 Rxg6 46.hxg6 Kxg8 47.Qxh7+ Qxh7+ 48.gxh7+ Kxh7 49.Kg2 Kg6
50.f3 a5 51.Kf2 a4 52.Ke3 a3 53.Kd3 Kf6 54.Kc3 Ke5 55.Kb3 Kd4 56.Kxa3 Ke3
57.g4  1-0

[Event "Budapest FS09 IM-B"]
[Site "Budapest"]
[Date "1995.??.??"]
[Round "6"]
[White "Thallinger, Harald"]
[Black "Egedi, Istvan"]
[Result "1-0"]
[WhiteElo "2280"]
[BlackElo "2290"]

1.d4 Nf6 2.c4 e6 3.Nc3 Bb4 4.Qc2 O-O 5.a3 Bxc3+ 6.Qxc3 b6 7.Bg5 Bb7 8.f3 d5
9.e3 Nbd7 10.cxd5 exd5 11.Bd3 Re8 12.Ne2 h6 13.Bh4 c5 14.O-O Qe7 15.Bf2 Rac8
16.Qd2 Nf8 17.Ng3 g6 18.Rfe1 c4 19.Bc2 Qc7 20.Ne2 Ne6 21.Nc3 Ng5 22.Bg3 Qd7
23.Bf4 Nh5 24.h4 Nxf4 25.hxg5 Ne6 26.gxh6 f5 27.Rad1 Rcd8 28.Qf2 Rf8 29.Qg3 Kh7
30.Qe5 Qf7 31.b3 Qf6 32.Qxf6 Rxf6 33.bxc4 dxc4 34.d5 Nc7 35.e4 fxe4 36.fxe4 Rf7
37.Rf1 Rxf1+ 38.Rxf1 Rd7 39.Ba4  1-0

[Event "Schneider mem op"]
[Site "Budapest"]
[Date "1995.??.??"]
[Round "7"]
[White "Kahn, Evarth"]
[Black "Istvandi, Lajos"]
[Result "0-1"]
[WhiteElo "2400"]
[BlackElo "2335"]

1.d4 Nf6 2.c4 e6 3.Nc3 Bb4 4.Qc2 O-O 5.a3 Bxc3+ 6.Qxc3 b6 7.Bg5 Bb7 8.e3 h6
9.Bh4 d6 10.f3 Nbd7 11.Bd3 c5 12.Ne2 Rc8 13.b4 cxd4 14.exd4 e5 15.Bf5 g5
16.dxe5 dxe5 17.Qd2 gxh4 18.Qxh6 Rxc4 19.Ng3 Qc7 20.Nh5 Re4+ 21.fxe4 Qc3+
22.Kf2 Qd4+ 23.Qe3 Qb2+ 24.Kf3 Nxh5 25.Qg5+ Ng7 26.Bxd7 f5 27.Be6+ Kh7 28.Qxh4+ Kg6
29.Qg3+ Kf6 30.Bxf5 Nxf5 31.Qf2 Qc3+ 32.Ke2 Ba6+  0-1